Detalles MARC
| 000 -LÍDER |
| Campo fijo de descripción fija |
02265nam a2200325 i 4500 |
| 001 - NÚMERO DE CONTROL |
| Campo de control |
768714001 |
| 003 - IDENTIFICADOR DEL NÚMERO DE CONTROL |
| Campo de control |
CO-MdFUSB |
| 005 - FECHA Y HORA DE LA ULTIMA TRANSACCIÓN |
| control field |
20220623062551.0 |
| 007 - CAMPO FIJO DE DESCRIPCIÓN FIJA--INFORMACIÓN GENERAL |
| Campo fijo de descripción fija |
ta |
| 008 - ELEMENTOS DE LONGITUD FIJA -- INFORMACIÓN GENERAL |
| Campo fijo de descripción fija -- Información general |
220124t2013 ck |||| |||| 00| 0 spa d |
| 020 ## - NÚMERO INTERNACIONAL NORMALIZADO PARA LIBROS |
| Número Internacional Normalizado del libro |
9789584234629 |
| 040 ## - FUENTE DE CATALOGACIÓN |
| Agencia de catalogación original |
CO-MdFUSB |
| Idioma de catalogación |
spa |
| Agencia que realiza la transcripción |
CO-MdFUSB |
| Agencia que realiza la modificación |
CO-MdFUSBC |
| Convenciones de la descripción |
rda |
| 041 ## - CÓDIGO DE IDIOMA |
| Código de idioma para texto/pista de sonido o título separado |
spa |
| Código de idioma original |
eng |
| 082 ## - NÚMERO DE CLASIFICACIÓN DECIMAL DEWEY |
| Número de la edición del Dewey |
23 |
| Número de clasificación |
813.6 |
| Clave de autor-Numero de item |
Y78 |
| 100 ## - ASIENTO PRINCIPAL--NOMBRE PERSONAL |
| Nombre personal |
Young, William P. |
| Término relacionador |
autor |
| 240 ## - TITULO UNIFORME |
| Título uniforme |
<a href="Cross Roads.">Cross Roads.</a> |
| 245 13 - TÍTULO |
| Título del Material |
La encrucijada : |
| Parte restante del título - Subtitulo |
donde confluyen el amor de Dios y el abandono |
| Mención de responsabilidad, etc. |
/ William P. Young ; traducido por Enrique C. Mercado González |
| 264 #1 - PRODUCCIÓN, PUBLICACIÓN, DISTRIBUCIÓN, MANUFACTURA, Y COPYRIGHT |
| Lugar de producción, publicación, distribución, manufactura |
Bogotá, Colombia : |
| Nombre del productor, publicador, distribuidor |
Diana, |
| Fecha de producción, publicación, distribución, manufactura, o copyright |
[2013] |
| 264 #4 - PRODUCCIÓN, PUBLICACIÓN, DISTRIBUCIÓN, MANUFACTURA, Y COPYRIGHT |
| Fecha de producción, publicación, distribución, manufactura, o copyright |
© 2013 |
| 300 ## - DESCRIPCIÓN FÍSICA |
| Extensión |
284 páginas |
| Dimensiones |
; 23 cm |
| 336 ## - TIPO DE CONTENIDO |
| Fuente |
rdacontent |
| Término de tipo de contenido |
texto |
| Código de tipo de contenido |
txt |
| 337 ## - TIPO DE MEDIO |
| Fuente |
rdamedia |
| Nombre del tipo de medio |
sin mediación |
| Código del tipo de medio |
n |
| 338 ## - TIPO DE SOPORTE |
| Fuente |
rdacarrier |
| Nombre del tipo de soporte |
volumen |
| Código Tipo de soporte |
nc |
| 520 1# - NOTA DE RESUMEN, ETC. |
| Nota de sumario, etc. |
Anthony Spencer es egoísta, esta orgulloso del éxito empresarial que ha conseguido por si mismo y se encuentra en el punto máximo de su carrera a pesar de que el costo de ese logro ha sido dolorosamente alto. Una hemorragia cerebral deja a Yony en coma, en la sala de terapia intensiva de un hospital. Despierta para encontrarse en un mundo surrealista, un paisaje viviente que refleja las dimensiones de su vida terrena, desde lo bello hasta lo corrupto. Es, en ese sitio, donde tiene vividas interacciones con otros individuos, que supone son proyecciones de su propio subconsciente, pero cuyas instrucciones sigue, sin importar nada, con la posibilidad de que puedan conducirle a la autenticidad y, tal vez, a la redención. La aventura sumerge a Tony en profundas e intrincadas relaciones donde es capaz de ver, ocultar sus intereses personales y la perdida que surgen para oponerse a los procesos de sanación y confianza. Esta conjunción inesperada de sucesos provocara que Tony examine su vida y se percate de que he creado un castillo de naipes sobre el terreno envenenado de un corazón roto? Tendrá también el valor de tomar una decisión critica que pueda resarcir la grave injusticia que puso en marcha antes de entrar en coma? |
| 650 #7 - ASIENTO SECUNDARIO DE MATERIA - TERMINO TEMÁTICO |
| Fuente del encabezamiento o término |
embne |
| 9 (RLIN) |
2493 |
| Término temático o nombre geográfico como elemento de entrada |
Literatura norteamericana |
| 653 ## - TÉRMINO DE INDIZACIÓN - NO CONTROLADO |
| Término no controlado |
Ficción religiosa. |
| 700 ## - ASIENTO SECUNDARIO - NOMBRE PERSONAL |
| Nombre personal |
Mercado González, Enrique C. |
| Responsabilidad |
traductor |
| 9 (RLIN) |
6041 |
| 942 ## - TIPO DE MATERIAL (KOHA) |
| Tipo de Item KOHA |
Libros General |
| 945 ## - INFORMACIÓN LOCAL DEL REGISTRO |
| Catalogador |
JTF-925 |